How Much Do You Know About St. Louis, Missouri? - Statistics

General Stats
  • This quiz has been taken 450 times
    420 since last reset
  • The average score is 14 of 23
Answer Stats
Hint Answer % Correct
Name the MLB team St. Louis Cardinals
96%
Which river forms the eastern boundary of the St. Louis area? Mississippi River
95%
Name the NHL team St. Louis Blues
92%
Name the most recent NFL team St. Louis Rams
91%
Which river forms the northern boundary of the St. Louis area? Missouri River
90%
Designed by Eero Saarinen, this St. Louis monument is the tallest in the Western Hemisphere Gateway Arch
84%
Name a major event held in St. Louis in 1904 The World's Fair (The Louisiana Exposition)
83%
What is the name of the international airport? Lambert St. Louis International Airport
79%
The Italian neighborhood of St. Louis The Hill
73%
Name another major event held in St. Louis in 1904 The Summer Olympics
73%
Beer brewery that's an historical landmark Anheuser-Busch
68%
Charles Lindbergh's famous plane Spirit of St. Louis
64%
Which Judy Garland movie was set in St. Louis? Meet Me in St. Louis
61%
Outside of Europe, St. Louis has the world's largest population of this Balkan group Bosnians
58%
What Ted Drewes custard blend is so thick that a spoon stuck into the middle remains in place when the cup is inverted? Concrete
46%
Which ragtime composer wrote "The Entertainer" while living in St. Louis? Scott Joplin
46%
Which river forms the southern boundary of the St. Louis area? Meramec River
45%
For which Capetian King of France was the city named? Louis IX
42%
Female African-American poet born in St. Louis Maya Angelou
42%
Two MLB catchers grew up in the above neighborhood as friends, living across the street from one another. Name one. Yogi Berra
39%
Which US president lived in St. Louis? Ulysses S. Grant
37%
The "Greatest play ever set in St. Louis," written by Tennessee Williams The Glass Menagerie
15%
Name the other catcher Joe Garagiola
14%
No matching quizzes found
Score Distribution
Percent of People with Each Score
Percentile by Number Answered
Your Score History
You have not taken this quiz since the last reset